Loreto College Library, Kolkata
WEBOPAC (ONLINE PUBLIC ACCESS CATALOGUE)

Kabir granthavali (satik) (Record no. 41016)

MARC details
000 -LEADER
fixed length control field 00542nam a22002057a 4500
005 - DATE AND TIME OF LATEST TRANSACTION
control field 20170401113035.0
008 - FIXED-LENGTH DATA ELEMENTS--GENERAL INFORMATION
fixed length control field 170401b xxu||||| |||| 00| 0 eng d
020 ## - ISBN | অাই এস বি এন
ISBN | অাই এস বি এন 8180310000
PRICE Rs 600.00
040 ## - CATALOGING SOURCE
Original cataloging agency Loreto College
041 ## - LANGUAGE CODE
Language code Hindi
082 ## - DDC | ডিউই
Classification number | বর্গসংখ্যা 891.431
Book Number | গ্রন্থাঙ্ক Kab-SHA
100 ## - MAIN ENTRY--PERSONAL NAME | মুখ্য সংলেখ - ব্যাক্তিনাম
Personal name | ব্যাক্তিনাম Sharma, Ramkrishore
245 ## - TITLE STATEMENT | অাখ্যা বিবরণী
Title | অাখ্যা Kabir granthavali (satik)
Statement of responsibility | লেখকের দায়িত্বের বিবরণ Ramkrishore Sharma
260 ## - IMPRINT | প্রকাশনা ক্ষেত্র
Place of publication | প্রকাশ স্থান Allahabad
Name of publisher | প্রকাশকের নাম Lokbharti Prakashan
Date of publication | প্রকাশ কাল 2010
300 ## - PHYSICAL DESCRIPTION |
Page / Vol. No | পৃষ্ঠা / খন্ড সংখ্যা 688p.
Other physical details | অনান্য বাহ্যিক বিবরণ 22cm
600 ## - SUBJECT ADDED ENTRY--PERSONAL NAME | বিষয় শিরোনাম - ব্যাক্তিনাম
Personal name | ব্যাক্তিনাম Kabir
650 ## - SUBJECT ADDED ENTRY--TOPICAL TERM | বিষয় শিরোনাম - মূল বিষয়
Topical term | মূল বিষয় Hindi poetry-Criticism
850 ## - HOLDING INSTITUTION
Holding institution LCLIB
942 ## - ADDED ENTRY ELEMENTS (KOHA)
Koha item type Books

No items available.